[Event "Dnipropetrovsk A 2013"]
[Site "Dnipropetrovsk UKR"]
[Date "2013.09.17"]
[Round "3.2"]
[White "Sukhareva,E"]
[Black "Doluhanova,E"]
[Result "0-1"]
[WhiteElo "2215"]
[BlackElo "2323"]

1.d4 Nf6 2.c4 e6 3.Nf3 Bb4+ 4.Nbd2 b6 5.a3 Bxd2+ 6.Qxd2 Bb7 7.e3 O-O 8.b3 d6
9.Bb2 Nbd7 10.Qc2 c5 11.Be2 Rc8 12.Rc1 Qe7 13.O-O Ne4 14.Rfd1 f5 15.Nd2 Ndf6
16.Nf1 Ng5 17.b4 cxb4 18.axb4 h5 19.Qa4 a6 20.b5 axb5 21.Qxb5 h4 22.h3 Qf7
23.f3 Bc6 24.Qb3 Qg6 25.Kh1 Nh5 26.d5 exd5 27.cxd5 Bd7 28.Rxc8 Bxc8 29.f4 Ne4
30.Kg1 Nhg3 31.Bf3 Nxf1 32.Kxf1 Qg3 33.Bxe4 fxe4 34.Qxb6 Bxh3 35.gxh3 Qxh3+
36.Ke1 Qg3+ 37.Kf1 h3 38.Qxd6 Qg2+ 39.Ke1 h2 40.Qe6+ Kh7  0-1

[Event "TCh-CRO 2a Liga 2013"]
[Site "Bol CRO"]
[Date "2013.09.19"]
[Round "6.2"]
[White "Jovanovic,Mile"]
[Black "Susak,Z"]
[Result "0-1"]
[WhiteElo "2172"]
[BlackElo "2187"]

1.d4 Nf6 2.Nf3 e6 3.c4 Bb4+ 4.Nbd2 d6 5.a3 Bxd2+ 6.Qxd2 a5 7.b3 b6 8.e3 Bb7
9.Bd3 Nbd7 10.Bb2 Qe7 11.Bc2 Ne4 12.Qe2 f5 13.O-O-O O-O 14.Ne1 d5 15.f3 Nd6
16.cxd5 exd5 17.Nd3 c5 18.dxc5 bxc5 19.Nf4 Nb6 20.Qd2 a4 21.Qc3 axb3 22.Qxb3 Nbc4
23.Rhe1 Nxb2 24.Kxb2  0-1

[Event "TCh-CRO Ia Liga 2013"]
[Site "Bol CRO"]
[Date "2013.09.20"]
[Round "7.1"]
[White "Jankovic,A"]
[Black "Kurajica,B"]
[Result "1/2-1/2"]
[WhiteElo "2562"]
[BlackElo "2507"]

1.d4 Nf6 2.c4 e6 3.Nf3 Bb4+ 4.Nbd2 d5 5.Qa4+ Nc6 6.a3 Bxd2+ 7.Bxd2 Ne4 8.e3 O-O
9.Qc2 a5 10.Bd3 f5 11.O-O Qe7 12.Rab1 Bd7 13.b4 axb4 14.axb4 dxc4 15.Bxc4 Nd8
16.Be1 Nf7 17.b5 Qf6 18.Bd3 Rfc8 19.Bb4 c6 20.b6 c5 21.dxc5 Ba4 22.Qc1 Bc6
23.Nd4 Ne5 24.Be2 Bd5 25.f3 Nd6 26.Rd1 Qg6 27.Be1 Nd7 28.c6 Bxc6 29.Nxc6 Rxc6
30.Qxc6 bxc6 31.Rxd6 f4 32.b7 Rb8 33.Rbd1 Rxb7 34.Rxd7 Rxd7 35.Rxd7 Qc2 36.Kf1 fxe3
37.Rd3 Qc5 38.Bc3 e5 39.Bb2 Kf7 40.Rc3 Qd4 41.Rb3 Qd2 42.Bc3 Qc2 43.Rb7+ Kf6
44.Be1 g5 45.Rc7 e4 46.Bb5 c5 47.Be2 exf3 48.gxf3 h5 49.Rc6+ Ke7 50.Rh6 h4
51.h3  1/2-1/2

[Event "Werder Bremen GM 2013"]
[Site "Bremen GER"]
[Date "2013.09.25"]
[Round "5.2"]
[White "Bluebaum,M"]
[Black "Babula,V"]
[Result "1-0"]
[WhiteElo "2514"]
[BlackElo "2571"]

1.d4 Nf6 2.c4 e6 3.Nf3 Bb4+ 4.Nbd2 O-O 5.a3 Be7 6.e4 d5 7.e5 Nfd7 8.Bd3 c5
9.h4 h6 10.Bb1 Re8 11.dxc5 a5 12.O-O Nf8 13.h5 Nbd7 14.Re1 Nxc5 15.Nd4 Bg5
16.Nb5 dxc4 17.Nd6 Re7 18.Qg4 Rc7 19.Qxc4 b6 20.Qg4 f5 21.Qg3 Bb7 22.Ba2 b5
23.Nf3 Bxc1 24.Rexc1 Kh8 25.Rxc5  1-0

[Event "TCh-NOR Club 2013"]
[Site "Fagernes NOR"]
[Date "2013.09.28"]
[Round "4.1"]
[White "Hammer,J"]
[Black "Hansen,TR"]
[Result "1/2-1/2"]
[WhiteElo "2605"]
[BlackElo "2475"]

1.d4 Nf6 2.c4 e6 3.Nf3 Bb4+ 4.Nbd2 O-O 5.a3 Be7 6.e4 d6 7.b3 e5 8.Bb2 exd4
9.Nxd4 Nc6 10.Be2 Nxd4 11.Bxd4 b6 12.O-O Bb7 13.f3 Nd7 14.Nb1 Nc5 15.Nc3 f5
16.exf5 Bf6 17.Nb5 Bxd4+ 18.Nxd4 Qg5 19.b4 Qe3+ 20.Kh1 Na4 21.Ne6 Rxf5 22.Nxc7 Raf8
23.Re1 Qh6 24.Qxa4 Rh5 25.Kg1 Qe3+ 26.Kh1 Qh6 27.Kg1 Qe3+ 28.Kh1 Qh6  1/2-1/2

[Event "TCh-NOR Club 2013"]
[Site "Fagernes NOR"]
[Date "2013.09.29"]
[Round "5.11"]
[White "Olsen,Robin"]
[Black "Hagesaether,A"]
[Result "1-0"]
[WhiteElo "2004"]
[BlackElo "2140"]

1.d4 Nf6 2.c4 e6 3.Nf3 Bb4+ 4.Nbd2 c5 5.g3 cxd4 6.Nxd4 Qc7 7.Qc2 e5 8.Nf3 O-O
9.a3 Be7 10.b3 b6 11.Bg2 Bb7 12.O-O d6 13.Bb2 Nbd7 14.Rac1 Rfe8 15.Rfd1 Rad8
16.Ne1 Bxg2 17.Nxg2 h6 18.Nb1 Nc5 19.Nc3 Qc8 20.Ne3 Qh3 21.b4 Ne6 22.Qf5 Qxf5
23.Nxf5 Bf8 24.Nb5 Rd7 25.Rd3 Red8 26.Rcd1 g6 27.Ne3 a6 28.Nc3 Nd4 29.Kf1 Rc7
30.Ncd5 Nxd5 31.Nxd5 Rxc4 32.Nxb6 Rc6 33.Bxd4 exd4 34.Nd5 a5 35.Rxd4 axb4
36.axb4 Rb8 37.Nf6+ Kg7 38.Nd5 g5 39.Rb1 Rb5 40.Rd3 Rc4 41.f3 Kg6 42.g4 h5
43.h3 h4 44.Ke1 Bg7 45.Kd2 Bd4 46.e4 Be5 47.Rdb3 f6 48.Kd1 Rd4+ 49.Ke2 Rc4
50.Ne3 Rd4 51.Nc2 Rc4 52.Ne3 Rc7  1-0

[Event "St Petersburg Rapid Cup 2013"]
[Site "St Petersburg RUS"]
[Date "2013.09.29"]
[Round "4.1"]
[White "Ivanov,Sergey1"]
[Black "Matlakov,M"]
[Result "0-1"]
[WhiteElo "2556"]
[BlackElo "2676"]

1.d4 Nf6 2.c4 e6 3.Nf3 Bb4+ 4.Nbd2 O-O 5.a3 Be7 6.e4 d6 7.Bd3 Nbd7 8.O-O e5
9.Re1 exd4 10.Nxd4 Re8 11.b4 Bf8 12.Bb2 a5 13.h3 c6 14.N4b3 axb4 15.axb4 Rxa1
16.Qxa1 g6 17.Nf3 Ne5 18.Nxe5 dxe5 19.Rd1 Nh5 20.Be2 Qg5 21.Bxh5 Qxh5 22.Nc5 Qe2
23.Nd7 Bxd7 24.Rxd7 Bxb4 25.Rxb7 Bc5 26.Qf1 Qxe4 27.Bc3 Qc2 28.Qe1 Rd8 29.Rb2 Bxf2+
30.Qxf2 Qxc3 31.Re2 Qd4 32.Re3 f5  0-1

[Event "23rd EYCC Girls U18 2013"]
[Site "Budva MNE"]
[Date "2013.10.02"]
[Round "4.15"]
[White "Gulay,Ayca Nuriye"]
[Black "Oliveira,Maria"]
[Result "0-1"]
[WhiteElo "1634"]
[BlackElo "1984"]

1.Nf3 Nf6 2.d4 e6 3.c4 Bb4+ 4.Nbd2 b6 5.a3 Be7 6.g3 Bb7 7.Qc2 c5 8.e4 cxd4
9.Nxd4 Bc5 10.N4b3 Nc6 11.Bg2 O-O 12.O-O Qc7 13.Nxc5 bxc5 14.Nb3 d6 15.Be3 a5
16.Nc1 Ng4 17.Qd2 Nxe3 18.Qxe3 a4 19.f4 Ba6 20.Qc3 Na5 21.f5 Bxc4 22.Rf4 e5
23.Rg4 f6 24.Bf1 Bxf1 25.Kxf1 Qf7 26.Ne2 Rfb8 27.Qe3 Rxb2 28.Qh6 Kh8 29.Qh3 Nc4
30.Rh4 h6 31.Nc3 Nd2+ 32.Kg2 Nxe4+ 33.Kg1 Nxc3 34.Rf1 Ne2+ 35.Kh1 Qd5+  0-1

[Event "12th Forchheim Open A 2013"]
[Site "Forchheim GER"]
[Date "2013.10.02"]
[Round "2.13"]
[White "Kreyssig,R"]
[Black "Meulner,K"]
[Result "1/2-1/2"]
[WhiteElo "2061"]
[BlackElo "2158"]

1.d4 Nf6 2.c4 e6 3.Nf3 Bb4+ 4.Nbd2 b6 5.a3 Bxd2+ 6.Qxd2 Bb7 7.g3 d5 8.cxd5 Bxd5
9.Bg2 O-O 10.O-O a5 11.Qc3 Ne4 12.Qc2 Nd7 13.Nd2 Nxd2 14.Bxd2 Bxg2 15.Kxg2 Nf6
16.Bc3 Qd5+ 17.f3 c5 18.e4 Qc6 19.dxc5 Qxc5 20.Qf2 Qxf2+ 21.Kxf2 Rfd8 22.Rfd1 Kf8
23.Ke3 Ke7 24.Rac1 Rxd1 25.Rxd1 Rd8 26.Rc1 Kd7 27.Rd1+ Ke7 28.Rc1  1/2-1/2

[Event "33rd Munich OIS Open 2013"]
[Site "Munich GER"]
[Date "2013.10.05"]
[Round "8.1"]
[White "Jorczik,J"]
[Black "Kosic,D"]
[Result "0-1"]
[WhiteElo "2405"]
[BlackElo "2480"]

1.d4 Nf6 2.Nf3 e6 3.c4 Bb4+ 4.Nbd2 d6 5.a3 Bxd2+ 6.Qxd2 O-O 7.g3 a5 8.b3 Bd7
9.Bg2 Bc6 10.O-O Nbd7 11.Bb2 Be4 12.Rac1 h6 13.Rfe1 c6 14.Qf4 d5 15.Bf1 Bh7
16.Nd2 Ne4 17.Nxe4 Bxe4 18.f3 Bg6 19.e4 dxe4 20.fxe4 e5 21.dxe5 Qc7 22.Bh3 Nc5
23.Qe3 Rad8 24.Rcd1 Nxe4 25.Bg2 Nc5 26.Bf1 Ne6 27.Bg2 Bh5 28.Rd6 Rxd6 29.exd6 Qxd6
30.Qc3 f6 31.Qxa5 Qc5+ 32.Qxc5 Nxc5 33.Re7 Rd8 34.Bc3 Rd1+ 35.Kf2 Rc1 36.Bb4 Nd3+
37.Ke3 Nxb4 38.Rxb7 Re1+ 39.Kd4 Nc2+ 40.Kc3 Re3+ 41.Kb2 Nd4 42.Bf1 Rf3 43.Bh3 Rf2+
44.Kc3 c5 45.b4 Rc2+ 46.Kd3 Bg6+ 47.Ke3 Re2+  0-1

[Event "SPICE Cup Open 2013"]
[Site "St Louis USA"]
[Date "2013.10.18"]
[Round "6.21"]
[White "Colas,Joshua"]
[Black "Nieto,G"]
[Result "1-0"]
[WhiteElo "2242"]
[BlackElo "1978"]

1.d4 Nf6 2.c4 e6 3.Nf3 Bb4+ 4.Nbd2 O-O 5.a3 Bxd2+ 6.Bxd2 d6 7.Qc2 Qe7 8.e4 e5
9.d5 Nbd7 10.b4 a5 11.Rb1 axb4 12.axb4 b6 13.Bd3 Re8 14.O-O Nf8 15.h3 Bd7
16.Be3 Ra3 17.c5 Ba4 18.Qd2 bxc5 19.bxc5 dxc5 20.Rfc1 N8d7 21.Rc3 Rxc3 22.Qxc3 Ra8
23.Ra1 Qe8 24.Bxc5 Nxc5 25.Qxc5 Rb8 26.Qxc7 Rb3 27.Bc2 Rb4 28.Bxa4 Rxa4 29.Rxa4 Qxa4
30.Nxe5  1-0

[Event "SPICE Cup Open 2013"]
[Site "St Louis USA"]
[Date "2013.10.19"]
[Round "9.9"]
[White "Bykhovsky,An ISR"]
[Black "Priyadharshan,K"]
[Result "1/2-1/2"]
[WhiteElo "2521"]
[BlackElo "2425"]

1.d4 Nf6 2.Nf3 e6 3.c4 Bb4+ 4.Nbd2 b6 5.a3 Bxd2+ 6.Qxd2 O-O 7.e3 a5 8.b3 Ba6
9.Bb2 d5 10.Be2 a4 11.cxd5 Qxd5 12.b4 Ne4 13.Qc2 Bxe2 14.Qxe2 c5 15.bxc5 bxc5
16.O-O Nd7 17.dxc5 Ndxc5 18.Rfd1 Qb7 19.Be5 f6 20.Bd6 Rfd8 21.Bxc5 Nxc5 22.Nd4 Qa6
23.Qf3 Nb3 24.Rab1 Nxd4 25.Rxd4 Rxd4 26.exd4 Rc8 27.g3 h6 28.h4 Rc4 29.Rd1 Qc6
30.d5 exd5 31.Rxd5 Qe6 32.h5 Re4 33.Qd3 f5 34.Ra5 Kh7 35.Qf3 f4 36.Qd3 Qc4
37.Qxc4  1/2-1/2

[Event "80th ch-BRA S/F 1 2013"]
[Site "Rio de Janeiro BRA"]
[Date "2013.10.31"]
[Round "1.6"]
[White "Quintiliano Pinto,R"]
[Black "Rezende,Guilherme Vilela"]
[Result "1/2-1/2"]
[WhiteElo "2355"]
[BlackElo "2108"]

1.d4 Nf6 2.c4 e6 3.Nf3 Bb4+ 4.Nbd2 d5 5.e3 O-O 6.Bd3 b6 7.O-O Bb7 8.Qc2 Nbd7
9.e4 dxe4 10.Nxe4 Nxe4 11.Bxe4 Bxe4 12.Qxe4 Be7 13.Rd1 Re8 14.Be3 Qc8 15.Qc6 Qd8
16.Bf4 Rc8 17.d5 Nb8 18.Qb7 Bd6 19.dxe6 Rxe6 20.Qxa7 Qf6 21.Bxd6 Rxd6 22.b3 Rcd8
23.Re1 Qxa1 24.Rxa1 Rd1+ 25.Ne1 Rxa1 26.Kf1 Re8 27.g3 Raxe1+ 28.Kg2 R1e7
29.Qb7 g6 30.b4 c5 31.Qxb6 cxb4 32.Qxb4 Rc7 33.h4 h5 34.Qb5 Rec8 35.g4 hxg4
36.h5 gxh5 37.Qg5+ Kf8 38.Qxh5 Rxc4 39.Qh8+ Ke7 40.Qe5+ Kd8 41.Qd5+ Nd7 42.Qxf7 R8c5
43.Qg8+ Kc7 44.Qa8 Nb6 45.Qa7+ Kc6 46.Qf7 Rc3 47.Qe6+ Kb5 48.Qxg4 Rc2 49.Qg8 Nd5
50.Qb8+ Kc4 51.Qb3+ Kd4 52.Qa4+ Ke5 53.Qe8+ Kf5 54.Qh5+ Ke6 55.Qh6+ Kd7 56.Qh7+ Ne7
57.Qd3+ Ke8 58.Qe3 Kf7 59.Qf3+ Nf5 60.Qh5+ Kf6 61.Qh8+ Kg6 62.Qe8+ Kg5 63.Qg8+ Kf4
64.Qb8+ Re5 65.Qb4+ Kg5 66.Qf8 Ree2 67.Qd8+ Kf4 68.Qb8+ Re5 69.Qb4+ Kg5 70.Qf8 Nh4+
71.Kg3 Rc3+ 72.Kh2 Nf3+ 73.Kg2 Ne1+ 74.Kf1 Nd3 75.Qd8+ Kf5 76.Qd7+ Ke4 77.Qa4+ Kd5
78.Qd7+ Kc4 79.Qa4+ Kd5 80.Qd7+ Kc5 81.Qa7+ Kb5 82.Qd7+ Kc4 83.Qa4+ Kd5 84.Qd7+  1/2-1/2

[Event "TCh-FIN SM 2013-14"]
[Site "Joensuu FIN"]
[Date "2013.11.02"]
[Round "5.4"]
[White "Nokka,R"]
[Black "Nyysti,S"]
[Result "0-1"]
[WhiteElo "2286"]
[BlackElo "2352"]

1.d4 Nf6 2.c4 e6 3.Nf3 Bb4+ 4.Nbd2 O-O 5.e3 b6 6.a3 Be7 7.Bd3 Bb7 8.b4 c5
9.bxc5 bxc5 10.Rb1 Qc7 11.O-O d6 12.Qc2 Nbd7 13.Rd1 h6 14.Bb2 Rab8 15.Qa4 Bc6
16.Qc2 Qa5 17.Qc3 Qa4 18.Bc2 Qa6 19.d5 exd5 20.Nh4 Rfe8 21.cxd5 Bxd5 22.Bd3 Qa4
23.Nf5 Bf8 24.e4 Ba8 25.Bc2 Qc6 26.Qg3 g6 27.Bc3 Rxb1 28.Rxb1 d5 29.exd5 Nxd5
30.Ba1 Nf4  0-1

[Event "80th ch-BRA S/F 1 2013"]
[Site "Rio de Janeiro BRA"]
[Date "2013.11.03"]
[Round "7.1"]
[White "Quintiliano Pinto,R"]
[Black "Leitao,R"]
[Result "1/2-1/2"]
[WhiteElo "2355"]
[BlackElo "2632"]

1.d4 Nf6 2.c4 e6 3.Nf3 Bb4+ 4.Nbd2 O-O 5.a3 Be7 6.e4 d6 7.Be2 Nbd7 8.O-O a5
9.b3 e5 10.Bb2 exd4 11.Nxd4 Re8 12.Qc2 Bf8 13.Rfe1 c6 14.Bf1 g6 15.N4f3 Bg7
16.Bc3 Nh5 17.Bxg7 Nxg7 18.Qc3 Qf6 19.Qxf6 Nxf6 20.e5 dxe5 21.Nxe5 Rd8 22.Ndf3 Be6
23.Rad1 Rxd1  1/2-1/2

[Event "80th ch-BRA S/F 1 2013"]
[Site "Rio de Janeiro BRA"]
[Date "2013.11.03"]
[Round "7.17"]
[White "Iurk,Jonel Nazareno"]
[Black "Rezende,Guilherme Vilela"]
[Result "1/2-1/2"]
[WhiteElo "2104"]
[BlackElo "2108"]

1.d4 Nf6 2.c4 e6 3.Nf3 Bb4+ 4.Nbd2 d5 5.e3 O-O 6.a3 Be7 7.Be2 b6 8.O-O Bb7
9.b4 a5 10.b5 c6 11.cxd5 cxd5 12.Bb2 Nbd7 13.Rc1 Rc8 14.Qb3 Ne4 15.Rxc8 Qxc8
16.Rc1 Qb8 17.Nxe4 dxe4 18.Ne5 Nxe5 19.dxe5 Rc8 20.Bc4 Bc5  1/2-1/2

[Event "Arab Clubs 2013"]
[Site "Monastir TUN"]
[Date "2013.11.05"]
[Round "3.3"]
[White "Namir,M"]
[Black "Jarraya,Z"]
[Result "1/2-1/2"]
[WhiteElo "2218"]
[BlackElo "2152"]

1.d4 Nf6 2.Nf3 e6 3.c4 Bb4+ 4.Nbd2 b6 5.g3 Bb7 6.Bg2 O-O 7.O-O d5 8.Ne5 Nbd7
9.Qa4 Bxd2 10.Bxd2 Nxe5 11.dxe5 Nd7 12.cxd5 exd5 13.Bc3 Nc5 14.Qc2 Ne4 15.Rad1 Qe7
16.Bxe4 dxe4 17.Rd4 Rad8 18.Rfd1 Rxd4 19.Bxd4  1/2-1/2

[Event "Chinese Teams 2013"]
[Site "Shijiazhuang CHN"]
[Date "2013.11.14"]
[Round "18.6"]
[White "Guo Qi"]
[Black "Tan Zhongyi"]
[Result "1/2-1/2"]
[WhiteElo "2451"]
[BlackElo "2510"]

1.d4 Nf6 2.Nf3 e6 3.c4 Bb4+ 4.Nbd2 O-O 5.a3 Be7 6.g3 b6 7.Bg2 Bb7 8.O-O c5
9.b3 cxd4 10.Bb2 Qc7 11.Nxd4 Bxg2 12.Kxg2 Qb7+ 13.Kg1 Nc6 14.Nxc6 dxc6 15.Qc2 c5
16.Rfd1 Rad8 17.Nf3 Qe4 18.Qxe4 Nxe4 19.Rd3 Rxd3 20.exd3 Nd6 21.d4 cxd4 22.Rd1 Nf5
23.g4 Nh4 24.Nxh4 Bxh4 25.Rxd4 Bf6 26.Rd2 Bxb2 27.Rxb2 Rd8 28.f3 Rd3 29.Kf2 g5
30.a4 Kf8 31.a5 Rc3 32.axb6 axb6 33.Ra2 Rxb3 34.Ra7 Kg7 35.Kg3 Kg6 36.Rc7 f5
37.gxf5+ exf5 38.Rc6+ Kh5 39.Rf6 f4+ 40.Kg2 Rb4 41.Rf7 Rxc4 42.Rxh7+ Kg6
43.Rb7 Rc6 44.Rb8 Kf5 45.Rf8+ Rf6 46.Rg8 Rg6 47.Rf8+ Ke5 48.Kh3 Rf6 49.Re8+ Kf5
50.Rg8 Rh6+ 51.Kg2 Rd6 52.Rf8+ Kg6 53.Rg8+ Kf7 54.Rb8 Ke6 55.Kh3 Kf5 56.Rf8+ Rf6
57.Rg8 Rh6+ 58.Kg2 Kf6 59.Rb8 Ke5 60.Rg8 Rh5 61.Rg6 Kf5  1/2-1/2

[Event "Chennai GM Open 2013"]
[Site "Chennai IND"]
[Date "2013.11.17"]
[Round "3.1"]
[White "Swapnil,SD"]
[Black "Vidit,S"]
[Result "1/2-1/2"]
[WhiteElo "2454"]
[BlackElo "2582"]

1.d4 Nf6 2.c4 e6 3.Nf3 Bb4+ 4.Nbd2 O-O 5.a3 Be7 6.e3 d5 7.Bd3 b6 8.O-O Bb7
9.b3 Nbd7 10.Bb2 c5 11.Qe2 Rc8 12.Rfd1 Qc7 13.Rac1 dxc4 14.Nxc4 cxd4 15.Na5 Bxf3
16.Qxf3 Ne5 17.Qg3 Qb8 18.Rxc8 Rxc8 19.Ba6 Rc2 20.Bxd4 bxa5 21.Qxe5 Qxb3
22.Rf1 a4 23.Qa5 Qxa3 24.Bb5 Rc1 25.Qxa4 Qxa4 26.Bxa4 Rc4 27.Ra1 Bc5 28.Bxf6 gxf6
29.Kf1 Rh4 30.h3 f5 31.Bc6 Rb4 32.g3 Rb2 33.Rc1 Bb6 34.Rc4 Kg7 35.Be8 Rd2
36.Rc8 e5 37.Rc4 a5 38.Rc6 Rb2 39.Rc4 Kf8 40.Bd7  1/2-1/2

[Event "IX Chervonograd Cup A 2013"]
[Site "Chervonograd UKR"]
[Date "2013.11.17"]
[Round "11.2"]
[White "Berlin,D"]
[Black "Osmak,Iulija"]
[Result "0-1"]
[WhiteElo "2113"]
[BlackElo "2197"]

1.d4 Nf6 2.c4 e6 3.Nf3 Bb4+ 4.Nbd2 O-O 5.Qb3 a5 6.g3 d5 7.a3 Bd6 8.Bg2 b6
9.O-O Bb7 10.c5 Be7 11.Ne5 Nfd7 12.Ndf3 a4 13.Qb4 f6 14.Nxd7 Qxd7 15.Bh3 Na6
16.c6 Bxc6 17.Qc3 Bb7 18.Qe3 Bc8 19.Qd3 c5 20.e3 Qd6 21.Rd1 Bd7 22.e4 cxd4
23.Nxd4 Nc5 24.Qe2 Nxe4 25.f3 Nc5 26.Bd2 e5 27.Nf5 Bxf5 28.Bxf5 g6 29.Bc2 Kg7
30.Qe3 f5 31.Bb4 Qe6 32.Re1 e4 33.Rad1 Rfd8 34.Bc3+ Bf6 35.Bd4 Nd7 36.f4 Rdc8
37.Bb1 Bxd4 38.Rxd4 Rc4 39.Ba2 Rxd4 40.Qxd4+ Nf6 41.Rc1 Rc8 42.Rc3 Rxc3 43.Qxc3 Qd6
44.Kg2 d4 45.Qc4 d3 46.Qxa4 d2 47.Qd1 Ng4  0-1

[Event "UT Dallas GM Inv 2013"]
[Site "Dallas USA"]
[Date "2013.11.21"]
[Round "1.4"]
[White "Iotov,V"]
[Black "Kosintseva,N"]
[Result "1-0"]
[WhiteElo "2568"]
[BlackElo "2523"]

1.d4 Nf6 2.c4 e6 3.Nf3 Bb4+ 4.Nbd2 O-O 5.a3 Be7 6.e4 d5 7.e5 Nfd7 8.cxd5 exd5
9.Bd3 c5 10.O-O Nc6 11.Re1 a5 12.Bc2 Qc7 13.Nb3 c4 14.Nbd2 b5 15.Nb1 Nb6
16.Nc3 b4 17.axb4 Nxb4 18.h3 Be6 19.Ng5 Bxg5 20.Bxg5 Nxc2 21.Qxc2 Qd7 22.Qd2 Bf5
23.Re3 Bg6 24.Rg3 Kh8 25.Ne2 Qf5 26.Nf4 Kg8 27.h4 h5 28.Be7 Rfe8 29.Bc5 c3
30.Rxc3 Nc4 31.Qc1 Nxb2 32.Nxg6 Nd3 33.Qc2  1-0

[Event "1st Srefidensi Masters 2013"]
[Site "Paramaribo SUR"]
[Date "2013.11.21"]
[Round "2.5"]
[White "L'Ami,Alina"]
[Black "Lebredo Zaragoitia,G"]
[Result "1-0"]
[WhiteElo "2361"]
[BlackElo "2218"]

1.d4 Nf6 2.c4 e6 3.Nf3 Bb4+ 4.Nbd2 b6 5.a3 Bxd2+ 6.Qxd2 Bb7 7.e3 O-O 8.Be2 d5
9.O-O dxc4 10.Bxc4 Nbd7 11.b4 Qe7 12.b5 Rfd8 13.a4 Ne4 14.Qc2 Rac8 15.Ba3 Qe8
16.Bd3 Ndf6 17.Ne5 c5 18.bxc6 Bxc6 19.Qb2 Bxa4 20.f3 Nc3 21.Nc4 Bb5 22.Qxc3 Bxc4
23.Bxc4 b5 24.Bc5 bxc4 25.Qxc4 Rd7 26.Ra3 e5 27.Qa2 Nd5 28.Bxa7 Nb4 29.Qb2 Nc2
30.Rc3 exd4 31.exd4 Rxc3 32.Qxc3 Rxa7 33.Qxc2 Qe3+ 34.Kh1 g6 35.Rd1 Kg7 36.d5 Rd7
37.h3 Qe5 38.Qc4 Kh6 39.f4 Qe3 40.d6 Kg7 41.Qb5 Rxd6  1-0

[Event "Piestany Open 2013"]
[Site "Piestany SVK"]
[Date "2013.11.21"]
[Round "5.4"]
[White "Jablonicky,Martin"]
[Black "Poloch,P"]
[Result "0-1"]
[WhiteElo "1967"]
[BlackElo "2261"]

1.d4 Nf6 2.c4 e6 3.Nf3 Bb4+ 4.Nbd2 d5 5.a3 Be7 6.Qc2 O-O 7.g3 a5 8.Bg2 a4
9.O-O Nbd7 10.e4 dxe4 11.Nxe4 Nxe4 12.Qxe4 c5 13.Rd1 cxd4 14.Nxd4 Nc5 15.Qc2 Qb6
16.Bf4 Bd7 17.Rab1 Rfd8 18.Qc3 Rac8 19.b4 axb3 20.Nxb3 Na4 21.Qc2 Qa6 22.Nd4 Nc5
23.Nb5 Bxb5 24.Rxd8+ Rxd8 25.cxb5 Qxa3 26.Bxb7 Nxb7 27.Qc7 Qd3 28.Rc1 Qd7
29.b6 Kf8 30.Qc2 f5 31.Qe2 Bc5 32.Bc7 Qd2 33.Qf1 Bxf2+ 34.Kh1 Qd5+ 35.Qg2 Qd1+
36.Qf1 Qf3+  0-1

[Event "TCh-CZE Zapad 2013-14"]
[Site "Jicin CZE"]
[Date "2013.11.24"]
[Round "3.6"]
[White "Vorisek,J"]
[Black "Novotny,Jar1"]
[Result "1/2-1/2"]
[WhiteElo "2257"]
[BlackElo "2180"]

1.d4 Nf6 2.c4 e6 3.Nf3 Bb4+ 4.Nbd2 b6 5.a3 Bxd2+ 6.Qxd2 Bb7 7.b4 d6 8.Bb2 Nbd7
9.e3 O-O 10.Be2 Qe7 11.O-O Ne4 12.Qc2 f5 13.Ne1 Qg5 14.f4 Qe7 15.Bf3 c5 16.Nd3 Rfc8
17.dxc5 bxc5 18.Rfb1 Rc7 19.b5 Kf7 20.a4 Rb8 21.a5 Rcc8 22.Nf2 Ndf6 23.a6 Ba8
24.Bxf6 Nxf6 25.Bxa8 Rxa8 26.e4 g6 27.Ra3 Rab8 28.Re1 Re8 29.Rh3 Kg8 30.exf5 gxf5
31.Rg3+ Kf7 32.Rge3 Qd7 33.Rd1 Rbd8 34.Nh3 h6 35.Nf2 Rg8 36.Qb2 Qc7 37.Red3 Rd7
38.Qd2 Rgd8 39.Rh3 Rh8 40.Rd3 Rhd8 41.Qe2 Rg8 42.Kh1 Qb8 43.Qf3 Rc8 44.R3d2 Rg8
45.h3 h5 46.Nd3 Rgd8 47.Qc6 Ke7 48.Qf3 Rg8 49.Re2 Kf7 50.Nxc5 dxc5 51.Rxd7+ Nxd7
52.Qc6 Nf8 53.Qxc5 Qxf4 54.Qxa7+ Kf6 55.Qf2 Qxc4 56.a7 Nd7 57.Rb2 Qc1+ 58.Kh2 Qc7+
59.Kh1 Qc1+ 60.Kh2 Qc7+ 61.Kh1 Qc1+  1/2-1/2

[Event "UT Dallas GM Inv 2013"]
[Site "Dallas USA"]
[Date "2013.11.25"]
[Round "7.1"]
[White "Iotov,V"]
[Black "Kritz,L"]
[Result "0-1"]
[WhiteElo "2568"]
[BlackElo "2600"]

1.d4 Nf6 2.c4 e6 3.Nf3 Bb4+ 4.Nbd2 b6 5.a3 Bxd2+ 6.Qxd2 Bb7 7.e3 d6 8.Be2 Nbd7
9.O-O O-O 10.b4 Qe7 11.Qc2 c5 12.Bb2 Rac8 13.Rfd1 Rfd8 14.dxc5 dxc5 15.b5 Nf8
16.a4 Rxd1+ 17.Rxd1 Ne8 18.a5 f6 19.Nd2 e5 20.Nb1 Rd8 21.Nc3 Qc7 22.a6 Rxd1+
23.Qxd1 Bc8 24.f4 exf4 25.Nd5 Qd6 26.exf4 Kf7 27.Bh5+ g6 28.Bf3 Be6 29.Qe1 Nd7
30.Qh4 Kg7 31.Be4 Bxd5 32.cxd5 Qe7 33.f5 Nd6 34.fxg6 hxg6 35.Bxg6 Kxg6 36.Qg4+ Kf7
37.Qh5+ Kg7 38.Qg5+ Kf8 39.Qh6+ Ke8 40.Qh8+ Qf8  0-1

[Event "73rd ch-ITA"]
[Site "Rome ITA"]
[Date "2013.11.25"]
[Round "5.4"]
[White "Caprio,G"]
[Black "Rombaldoni,Ax"]
[Result "0-1"]
[WhiteElo "2418"]
[BlackElo "2530"]

1.d4 e6 2.c4 Bb4+ 3.Nd2 Nf6 4.Nf3 O-O 5.a3 Be7 6.e4 d6 7.Be2 c5 8.d5 exd5
9.cxd5 Re8 10.O-O Bf8 11.Re1 Bg4 12.Qc2 Nbd7 13.Bf1 c4 14.Qxc4 Rc8 15.Qd4 g6
16.h3 Bxf3 17.Nxf3 Bg7 18.Qb4 Nc5 19.Bg5 a5 20.Qb5 h6 21.Bd2 b6 22.Rac1 a4
23.Nd4 Nfxe4 24.Be3 Qh4 25.Red1 Qf6 26.Rc2 Ng3 27.Bc4 Rxe3 28.fxe3 h5 29.Re1 Nce4
30.Nf3 g5 31.Bd3 Nc5 32.Nd4 g4 33.hxg4 hxg4  0-1

[Event "2nd Hyderabad GM Open 2013"]
[Site "Hyderabad IND"]
[Date "2013.12.02"]
[Round "10.11"]
[White "Papin,V"]
[Black "Sagar,S"]
[Result "1/2-1/2"]
[WhiteElo "2510"]
[BlackElo "2378"]

1.d4 Nf6 2.Nf3 e6 3.c4 Bb4+ 4.Nbd2 b6 5.a3 Bxd2+ 6.Qxd2 a5 7.b3 Bb7 8.e3 O-O
9.Be2 d6 10.O-O Nbd7 11.Bb2 Qe7 12.Rad1 Rfd8 13.Qc2 h6  1/2-1/2

[Event "Moscow Cup Final 2013"]
[Site "Moscow RUS"]
[Date "2013.12.03"]
[Round "3.4"]
[White "Tarasov,Alexandr"]
[Black "Dragomarezkij,E"]
[Result "1-0"]
[WhiteElo "2184"]
[BlackElo "2377"]

1.d4 Nf6 2.c4 e6 3.Nf3 Bb4+ 4.Nbd2 b6 5.a3 Bxd2+ 6.Qxd2 Bb7 7.g3 O-O 8.Bg2 d6
9.O-O Nbd7 10.b4 Qe7 11.Bb2 Ne4 12.Qc2 f5 13.Ne1 c5 14.Rd1 cxd4 15.Bxd4 e5
16.Bb2 Rf6 17.Qd3 Qf7 18.Nc2 Qh5 19.Bc1 g5 20.Ne3 Rh6 21.h3 Qg6 22.g4 fxg4
23.Nxg4 Rh4 24.f3 h5 25.Nh2 g4 26.hxg4 hxg4 27.fxe4 g3 28.Nf3 Rh7 29.Qxd6 Qg4
30.Ng5 Qh5 31.Qe6+ Kh8 32.Qh3  1-0

[Event "63rd ch-HUN 2013"]
[Site "Gyula HUN"]
[Date "2013.12.08"]
[Round "6.1"]
[White "Toth,E"]
[Black "Horvath,Ad1"]
[Result "1-0"]
[WhiteElo "2477"]
[BlackElo "2531"]

1.d4 Nf6 2.c4 e6 3.Nf3 Bb4+ 4.Nbd2 O-O 5.a3 Be7 6.g3 b6 7.Bg2 Bb7 8.O-O c5
9.dxc5 bxc5 10.b3 d6 11.Bb2 Nc6 12.Qc2 Rb8 13.Rfd1 h6 14.Rab1 Qc7 15.h3 Rfd8
16.Bc3 Ba8 17.e3 a5 18.g4 Ne8 19.Ne4 d5 20.cxd5 exd5 21.Ng3 d4 22.exd4 cxd4
23.Bb2 Qb6 24.Bc1 Rbc8 25.Qd3 Bb7 26.g5 hxg5 27.Bxg5 Bxg5 28.Nxg5 Nf6 29.Nh5 Ne5
30.Nxf6+ Qxf6 31.Qh7+ Kf8 32.Qh5 Ke7 33.Bxb7 g6 34.Qh4 Rh8 35.Qg3 Rc3 36.f3 Kf8
37.Re1 Rc5 38.Rf1 Qb6 39.Be4 d3 40.Kh1 Qf6 41.f4  1-0

[Event "Pavlodar Open 2013"]
[Site "Pavlodar KAZ"]
[Date "2013.12.10"]
[Round "1.18"]
[White "Akkozov,B"]
[Black "Mezentsev,Iv"]
[Result "1-0"]
[WhiteElo "2389"]
[BlackElo "1929"]

1.d4 Nf6 2.Nf3 e6 3.c4 Bb4+ 4.Nbd2 d5 5.Qa4+ Nc6 6.a3 Bxd2+ 7.Bxd2 Ne4 8.Bf4 O-O
9.e3 Ne7 10.Bd3 f5 11.Qc2 Ng6 12.Be5 c6 13.h4 Nxe5 14.Nxe5 Nd6 15.O-O-O dxc4
16.Bxc4 Nxc4 17.Nxc4 b6 18.h5 Bb7 19.h6 g6 20.Qc3 Qe7 21.Ne5 Rac8 22.Kb1 Rfd8
23.f3 Qf6 24.g4 c5 25.g5 Qxg5 26.d5 exd5 27.Rhg1 Qf6 28.Nxg6 Qxc3 29.Ne5+ Kf8
30.bxc3 Rc7 31.Rg5 Bc8 32.e4 Re8 33.Rxd5 fxe4 34.fxe4 Rce7 35.Rd6 Re6 36.Rd2 Rxh6
37.Rf2+ Ke7 38.Rf7+ Ke6 39.Rc7 Rh1+ 40.Kb2 Kf6 41.Nf3 Rh3 42.e5+ Ke6 43.Rc6+ Ke7
44.Rf6 Rf8 45.Rg7+ Ke8 46.Ng5 Rh2+ 47.Kc1 Ba6 48.Nf7 Rh1+ 49.Kb2 Rh2+ 50.Kc1  1-0

[Event "6th Kolkata Open"]
[Site "Kolkata IND"]
[Date "2013.12.11"]
[Round "7.9"]
[White "Neverov,V"]
[Black "Gomes,Mary"]
[Result "1-0"]
[WhiteElo "2514"]
[BlackElo "2423"]

1.d4 Nf6 2.c4 e6 3.Nf3 Bb4+ 4.Nbd2 O-O 5.a3 Be7 6.e4 d6 7.Bd3 Nbd7 8.O-O e5
9.b4 Re8 10.Bb2 exd4 11.Nxd4 Bf8 12.f4 g6 13.Qb3 Bg7 14.Rac1 Nf8 15.h3 a6
16.Bb1 Ne6 17.Ne2 Bd7 18.e5 dxe5 19.fxe5 Nh5 20.g4 Bc6 21.Qe3 Qh4 22.Ne4 Bxe4
23.Bxe4 Ng5 24.Bg2 Nf6 25.Qg3 Qxg3 26.Nxg3 Nd7 27.h4 Ne6 28.Bxb7 Rab8 29.Bxa6 c6
30.Ne4 Nc7 31.Nd6 Re7 32.Bb7 Nxe5 33.Bxc6 f6 34.Bxe5 fxe5 35.c5 Rf8 36.Rxf8+ Bxf8
37.Nc4 Re6 38.Be4 Kg7 39.Rd1 Re7 40.g5 Nb5 41.Rd8 Ra7 42.Ra8 Rf7 43.Rb8 Nc3
44.Bc6 Ne2+ 45.Kg2 Nf4+ 46.Kh2 Nd3 47.Rb7  1-0

[Event "25th Carlos Torre Open"]
[Site "Merida MEX"]
[Date "2013.12.14"]
[Round "3.2"]
[White "Gonzalez Garcia,J2"]
[Black "Quesada Perez,Yu"]
[Result "1/2-1/2"]
[WhiteElo "2485"]
[BlackElo "2639"]

1.d4 Nf6 2.c4 e6 3.Nf3 Bb4+ 4.Nbd2 O-O 5.a3 Be7 6.e4 d5 7.cxd5 exd5 8.e5 Nfd7
9.b4 a5 10.b5 c5 11.Bd3 cxd4 12.Nb3 a4 13.Nbxd4 Nc5 14.Bc2 Bg4 15.O-O Nbd7
16.h3 Bxf3  1/2-1/2